000 00894cam a2200289 4500
008 090401t1995 xxu||||| |||| 00| 0 eng d
020 _a0704905337
035 _a(Sirsi) u26354
041 _aeng
050 _a333.335
100 _aPrag, Peter
245 4 _aThe farmland market: finding the ways forward.
260 _aReading
_bCELTS
_c1995
300 _a17p. ; 30cm.
350 _a0
490 _aCommentary Series
_v95/2
650 _aPROPERTY-RURAL AND NATURAL ASSETS-AGRICULTURAL PROPERTY-AGRICULTURAL LAND
650 _aPROPERTY-RURAL AND NATURAL ASSETS-AGRICULTURAL PROPERTY-AGRICULTURAL LAND-ARABLE LAND
650 _aDAIRY FARMS
650 _aFARMLAND MARKET
650 _aLAND PRICES
690 _aRURAL PRACTICE
710 _aCentre for Environment and Land Tenure Studies
_92835
710 _aUniversity of Reading
_93273
942 _n0
948 _c04/03/1997
999 _c88923
_d88923